Southville International School and Colleges
Your cart is empty.
  • Cart
  • Lists
    Public lists list_1 View all
    Your lists Log in to create your own lists
  • Log in to your account
  • Your cookies
  • Search history
Southville International School and Colleges
  • Advanced search
  • Recent comments
  • Most popular
  • Libraries

Log in to your account

Log in with GOOGLE


If you do not have an external account, but do have a local account, you can still log in:

  1. Home
  2. MARC view: Counseling psychology :
Normal view MARC view ISBD view

Counseling psychology : (Record no. 25017)

[ view plain ]
MARC details
000 -LEADER
fixed length control field 00531nam a2200181 a 4500
005 - DATE AND TIME OF LATEST TRANSACTION
control field 20140310183555.0
008 - FIXED-LENGTH DATA ELEMENTS--GENERAL INFORMATION
fixed length control field 111108s19uu xx 00 eng d
020 ## - INTERNATIONAL STANDARD BOOK NUMBER
International Standard Book Number 9715132081
050 ## - LIBRARY OF CONGRESS CALL NUMBER
Classification number BF 637
Item number .D326 2006
100 ## - MAIN ENTRY--PERSONAL NAME
Personal name De Jesus, Evangeline
245 ## - TITLE STATEMENT
Title Counseling psychology :
Remainder of title theory and practice /
Statement of responsibility, etc Evangeline de Jesus.
250 ## - EDITION STATEMENT
Edition statement 1st ed.
260 ## - PUBLICATION, DISTRIBUTION, ETC. (IMPRINT)
Place of publication, distribution, etc Manila :
Name of publisher, distributor, etc Educational Publishing House,
Date of publication, distribution, etc 2006.
300 ## - PHYSICAL DESCRIPTION
Extent 448 p. :
Dimensions 448 p. :
521 ## - TARGET AUDIENCE NOTE
Target audience note
650 ## - SUBJECT ADDED ENTRY--TOPICAL TERM
Topical term or geographic name as entry element Couseling psychology
942 ## - ADDED ENTRY ELEMENTS (KOHA)
Koha item type Books
Source of classification or shelving scheme Library of Congress Classification
Call number prefix Local
Holdings
Withdrawn status Lost status Source of classification or shelving scheme Damaged status Home library Current library Shelving location Date acquired Cost, normal purchase price Total Checkouts Full call number Barcode Date last seen Copy number Price effective from Koha item type
    Library of Congress Classification   College Library College Library General Circulation Section 11/08/2011 280.00   BF 637 .D326 2006 C13964 05/15/2018 1 10/18/2013 Books

Counseling psychology :

APA

De Jesus E., . (2006). Counseling psychology. Manila: Educational Publishing House.

Chicago

De Jesus Evangeline, . 2006. Counseling psychology. Manila: Educational Publishing House.

Harvard

De Jesus E., . (2006). Counseling psychology. Manila: Educational Publishing House.

MLA

De Jesus Evangeline, . Counseling psychology. Manila: Educational Publishing House. 2006.

  • Place hold
  • Print
  • Cite
  • Add to your cart (remove)
  • Save record
    BIBTEX Dublin Core MARCXML MARC (non-Unicode/MARC-8) MARC (Unicode/UTF-8) MARC (Unicode/UTF-8, Standard) MODS (XML) RIS
  • More searches
    Search for this title in:
    Other Libraries (WorldCat) Other Databases (Google Scholar) Online Stores (Bookfinder.com) Open Library (openlibrary.org)

Exporting to Dublin Core...

SOUTHVILLE LIBRARY

Southville International School and Colleges Library

1281 Tropical Ave. Cor. Luxembourg St., BF Homes International, Las Pinas City

Tel. No. 8256374 / 252358 Loc. 117/146

Powered by Koha